10-1 Science Test 1 - Statistics

General Stats
  • This quiz has been taken 247 times
    46 since last reset
  • The average score is 72 of 104
Answer Stats
Hint Answer % Correct
Boron B
100%
Carbon C
96%
Calcium Ca
96%
Fluorine F
96%
Hydrogen H
96%
Helium He
96%
He Helium
96%
H Hydrogen
96%
Iodine | One I
96%
Lithium Li
96%
Li Lithium
96%
Oxygen O
96%
Sulfur S
96%
Silicon Si
96%
Aluminium Al
93%
Argon Ar
93%
Beryllium Be
93%
Bromine Br
93%
C Carbon
93%
Chlorine Cl
93%
Cobalt Co
93%
Nitrogen N
93%
Neon Ne
93%
Nickel Ni
93%
Phosphorous P
93%
Titanium Ti
93%
B Boron
89%
Chromium Cr
89%
Fe Iron
89%
Ne Neon
89%
N Nitrogen
89%
O Oxygen
89%
Al Aluminium
86%
Gold Au
86%
Barium Ba
86%
Ca Calcium
86%
Cu Copper
86%
Mg Magnesium
86%
Magnesium Mg
86%
Manganese Mn
86%
Na Sodium
86%
Silver Ag
82%
Ar Argon
82%
Cl Chlorine
82%
Co Cobalt
82%
F Fluorine
82%
Potassium K
82%
Mn Manganese
82%
Lead Pb
82%
K Potassium
82%
Si Silicon
82%
Tin Sn
82%
Ti Titanium
82%
Zn Zinc
82%
Zinc Zn
82%
Be Beryllium
79%
Cadmium Cd
79%
Cr Chromium
79%
Copper Cu
79%
Pb Lead
79%
Sodium Na
79%
P Phosphorus
79%
Ag Silver
79%
Br Bromine
75%
Cd Cadmium
75%
Iron Fe
75%
Au Gold
75%
I Iodine
75%
Ni Nickel
75%
S Sulfur
75%
Sn Tin
75%
Ba Barium
71%
Five V
64%
Ten X
64%
Two II
61%
Three III
61%
Four IV
61%
Six VI
61%
Seven VII
61%
Eight VIII
57%
Nine IX
50%
Cl-1 Chloride
29%
O-2 Oxide
25%
Br-1 Bromide
21%
F-1 Fluoride
21%
Suffix for Anions ide
21%
S-2 Sulfide
21%
C-4 Carbide
18%
N-3 Nitride
18%
10 Deca
14%
2 Di
14%
7 Hepta
14%
6 Hexa
14%
1 Mono
14%
9 Nona
14%
8 Octa
14%
5 Penta
14%
P-3 Phosphide
14%
Si-4 Silicide
14%
3 Tri
14%
H-1 Hydride
11%
I-1 Iodide
11%
4 Tetra
11%
No matching quizzes found
Score Distribution
Percent of People with Each Score
Percentile by Number Answered
Your Score History
You have not taken this quiz since the last reset